Pokémon nach Kriterien - Statistiken

Allgemein
  • Dieses Quiz wurde 378 mal gespielt
  • Das Durchschnittsergebnis liegt bei 8 aus 10
Antwortstatistiken
Kriterium Antwort % Korrekt
am Körper lodert eine oder mehrere Flammen Glumanda, Glutexo, Glurak, Pontia, Gallopa, Magmar, Lavados
95%
es hat einen Gegenstand in seiner Hand Porenta, Tragosso, Knogga, Hypno, Kadabra, Simsala
92%
besteht nur aus Schleim Sleima, Sleimok, Ditto
92%
ist eindeutig ein Ei oder trägt Eier mit sich Owei, Kokowei, Chaneira
91%
seine Arme sind Scheren Krabby, Kingler, Kabutops, Sichlor
83%
hat mehrere Gesichter Digdri, Owei, Kokowei, Smogmog, Magneton, Dodri
82%
streckt auf dem Artwork die Zunge raus Schlurp, Muschas
82%
der Intimbereich wird durch Menschenkleider verdeckt Nockchan, Machomei, Maschock, Rossana
76%
ist schlangenförmig aber keine Schlange Onix, Dratini, Dragonir, Garados
76%
hat keine sichtbaren Augen Zubat, Sterndu, Starmie
52%
Keine übereinstimmenden Quizze gefunden
Verteilung der Resultate
Anzahl Personen mit jedem Resultat
Perzentil nach korrekt beantworteten Fragen
Ihre Resultats-Entwicklung
Sie haben dieses Quiz noch nicht gespielt